000 01192cam a2200385 a 4500
001 6935
003 FISKH
005 20250610154501.0
008 060217s2007 nyua a 000 f eng
010 _a 2006003770
020 _a0439851475 (hardcover) :
020 _a9780439851473 (hardcover) :
040 _aDLC
_cDLC
_dDLC
_beng
050 _aPZ7.T161613 G
082 _a813.6
100 1 _aTankard, Jeremy.
245 1 0 _aGrumpy Bird /
_cJeremy Tankard.
260 _aNew York :
_bScholastic,
_c2007.
300 _a30 unnumbered pages :
_bcolor illstrations ;
_c23 cm
505 _aE
520 _aFeeling too grumpy to fly, Bird begins to walk and finds that his mood changes as other animals join him.
521 8 _a280
_bLexile
521 8 _aE
_bRaz-Plus
650 1 _aMood
_vFiction.
650 1 _aEmotions
_vFiction.
650 1 _aBirds
_vFiction.
650 1 _aAnimals
_vFiction.
650 0 _aMood (Psychology)
_vJuvenile fiction.
650 0 _aEmotions
_vJuvenile fiction.
650 0 _aBirds
_vJuvenile fiction.
650 0 _aAnimals
_vJuvenile fiction.
906 _a7
_bcbc
_corignew
_d1
_eecip
_f20
_gy-gencatlg
942 _2ddc
_cBK
_n0
999 _c6935
_d6935